De Profundis

Đã lưu trong:
Chi tiết về thư mục
Tác giả chính: Wilde, Oscar
Định dạng: Sách
Ngôn ngữ:Tiếng Anh
Được phát hành: Milano
Các nhãn: Thêm thẻ
Không có thẻ, Là người đầu tiên thẻ bản ghi này!

MARC

LEADER 00000nam a2200000 4500
001 CDOM0000001602
003 mi
005 20251014132747.0
008 251014b |||||||| |||| 00| 0 eng d
040 |c mi 
100 |a Wilde, Oscar 
245 1 |a De Profundis  
260 |a Milano 
942 |2 ddc  |c BK 
952 |0 0  |1 0  |2 ddc  |4 0  |7 1  |9 5575  |a MI  |b MI  |d 2005-11-15  |i 1230  |l 0  |p CDOM1230  |r 2025-07-13 16:28:00  |w 2025-07-13  |x DONO  |y BK 
999 |c 4447  |d 4447